1377 1588 1892 1628 1414 1757 1563 1155 1083 1476 1246 1294 1287 1721 1750 1849 1406 1510 1803 1985 1314 1870 1836 1271 1216 1222 1198 1662 1573 1023 1688 1450 1309 1391 1097 1329 1116 1288 1223 1871 1305 1902 1610 1989 1946 1506 1885 1727 1916 1305 1494 1424 1833 1562 1271 1495 1525 1079 1960 1317 1079 1538 1779 1157 1383 1707 1097 1487 1845 1987 1480 1692 1878 1139 1839 1741 1280 1883 1544 1753 1504 1805 1592 1532 1340 1552 2000 1826 1014 1713 1422 1772 1734 1762 1695 1205 1975 1801 1302 BCNSPRNW ULIB Ver.6.0+V

เปลี่ยนเป็นภาษาไทย

Change to English
 แสดงรายละเอียดบรรณานุกรม
  กลับหน้าหลัก

Brief Record : Get Marc (ISO 2709) : E-mail record : QR code < ปิดหน้าต่าง
LEADER : 00000nam 2200000uu 4500
001    13399114914
003     ULIB
008    120621s||||||||th 000 0 tha d
060  4 WY18.8^bค111ก
110 1  คณะผู้เข้าอบรมรุ่นที่ 1 วิทยาลัยในสังกัดสถาบันพระบรมราชชนก สำนักงานปลัดกระทรวงสาธารณสุข
245 00 การเรียนการสอนการพยาบาลด้วยหัวใจความเป็นมนุษย์^bHumanistic Nursing Care^cคณะผู้เข้าอบรมรุ่นที่ 1 วิทยาลัยในสังกัดสถาบันพระบรมราชชนก
246 0  Humanistic Nursing Care
260    นนทบุรี:^bกลุ่มพัฒนาการศึกษา สถาบันพระบรมราชชนก,^c2554
300    55 หน้า :^bภาพประกอบ,^c29 ซม.
500    คณะผู้เข้าอบรมรุ่นที่ 1 วิทยาลัยในสังกัดสถาบันพระบรมราชชนก ณ Collegge of Mount Saint Vincent New York city, USA 26 June-18 July 2010
650  4 พยาบาล^xการเรียนการสอน
650  4 การพยาบาลด้วยหัวใจความเป็นมนุษย์
945    ^p0^l0^i032104
945    ^p0^l0^i032105
945    ^p0^l0^i032106
945    ^p0^l0^i032107
945    ^p0^l0^i032108
995    เกษร
999 ^a ใช้งานได้ทุกระบบ
รายการนี้ยังไม่มีแท็ก
คุณยังไม่ได้ล็อกอิน คุณสามารถมีกิจกรรมร่วมกับเว็บไซต์ได้ แต่ต้องล็อกอินก่อน ::
  ล็อกอิน

รายการสื่อสารสนเทศ

ลำดับที่ ประเภท เลขเรียก/บาร์โค้ด สถานที่ สถานะ
1. วิทยาศาสตร์การแพทย์ และสุขภาพ
หนังสือสำรอง
สถานะ=หนังสือสำรอง
WY18.8 ค111ก ฉ.1 
  Barcode: 032104
ห้องสมุดวิทยาเขตสวรรค์ประชารักษ์
►ส่วนจัดเก็บหนังสือเก่า สปร
บนชั้น
  ขอยืม
2. วิทยาศาสตร์การแพทย์ และสุขภาพ
วิทยาศาสตร์การแพทย์ และสุขภาพ
WY18.8 ค111ก ฉ.2 
  Barcode: 032105
ห้องสมุดวิทยาเขตสวรรค์ประชารักษ์
►ส่วนจัดเก็บหนังสือเก่า สปร
บนชั้น
  ขอยืม
3. วิทยาศาสตร์การแพทย์ และสุขภาพ
วิทยาศาสตร์การแพทย์ และสุขภาพ
WY18.8 ค111ก ฉ.3 
  Barcode: 032106
ห้องสมุดวิทยาเขตสวรรค์ประชารักษ์
►ส่วนจัดเก็บหนังสือเก่า สปร
บนชั้น
  ขอยืม
4. วิทยาศาสตร์การแพทย์ และสุขภาพ
วิทยาศาสตร์การแพทย์ และสุขภาพ
WY18.8 ค111ก ฉ.4 
  Barcode: 032107
ห้องสมุดวิทยาเขตสวรรค์ประชารักษ์
►ส่วนจัดเก็บหนังสือเก่า สปร
บนชั้น
  ขอยืม
5. วิทยาศาสตร์การแพทย์ และสุขภาพ
วิทยาศาสตร์การแพทย์ และสุขภาพ
WY18.8 ค111ก ฉ.5 
  Barcode: 032108
ห้องสมุดวิทยาเขตสวรรค์ประชารักษ์
►ส่วนจัดเก็บหนังสือเก่า สปร
บนชั้น
  ขอยืม

BibComment


ยังไม่เคยถูกคอมเมนท์

คอมเมนท์ทรัพยากรรายการนี้
  คอมเมนท์: การเรียนการสอนการ..


 Copyright 2026. Bcnsprnw @Library